000 00739nam a2200289Ia 4500
005 20260324125348.0
008 008 260324s9999 xx 000 0 eng d
020 _a9781315702834
037 _aEBOOK
040 _aCRL
040 _beng
040 _cCRL
041 _2eng
041 _aeng
084 _qCRL
100 _aAse Berit; Rolf Strandskogen
_91177699
245 0 _aLifelines in World History
245 4 _bThe Ancient World, The Medieval World, The Early Modern World, The Modern World
260 _bTaylor and Francis
260 _c2009
365 _a
365 _b510
856 _uhttp://www.taylorfrancis.com/books/9781315702834
942 _cEBOOK
999 _c1772862
_d1772862